| 000 | 00801cab a2200241 4500 | ||
|---|---|---|---|
| 001 | WB3420-35 | ||
| 008 | 090401t1998 xxu||||| |||| 00| 0 eng d | ||
| 035 | _a(Sirsi) u86395 | ||
| 041 | _aeng | ||
| 245 | _aChina: housing market boost | ||
| 260 | _c1998 | ||
| 350 | _a0 | ||
| 490 |
_aFinancial Times _v26 May 1998, 4(1) |
||
| 520 | _aChina may channel funds into the housing market and lift restrictions on mortgage lending, in an effort to boost economic growth and gradually abolish subsidised housing from 1 July 1998, according to the People`s Bank of China. | ||
| 650 | _aCHINA | ||
| 650 | _aECONOMIC GROWTH | ||
| 650 | _aHOUSING MARKET | ||
| 650 | _aMORTGAGE LENDING | ||
| 650 | _aSUBSIDISED HOUSING | ||
| 690 | _aOVERSEAS-REST OF THE WORLD | ||
| 942 | _n0 | ||
| 948 | _c27/05/1998 | ||
| 999 |
_c54368 _d54368 |
||